| 000 | 00733cam a22002292 4500 | ||
|---|---|---|---|
| 001 | 0000009157 | ||
| 005 | 20151217154409.0 | ||
| 008 | 080908s xx 000 0 eng d | ||
| 020 |
_a0130840904 : _cKES 800 |
||
| 040 |
_aKABU _cKABU |
||
| 100 | 1 |
_aBrown, Theodore L. _@0000160226 |
|
| 245 | 1 | 0 |
_aChemistry : _bthe central science / _cTheodore L. Brown, H. Eugene LeMay, Bruce E. Bursten. |
| 250 | _a8th ed. | ||
| 260 |
_aUpper Saddle River, NJ. : _bPrentice-Hall, _c2000. |
||
| 300 | _axxxiii, 1023 p. | ||
| 650 | 0 |
_aChemistry. _@0000148202 |
|
| 700 | 1 |
_aLeMay, H. Eugene. _@0000160227 |
|
| 700 | 1 |
_aBursten, Bruce E. _@0000160228 |
|
| 908 | _a080908 | ||
| 950 | _@1 | ||
| 999 |
_c11000 _d11000 |
||